| 000 | 00486nam a2200193Ia 4500 | ||
|---|---|---|---|
| 008 | 170918s9999 xx 000 0 und d | ||
| 020 | _a9780590459341 | ||
| 050 | _bN693 1991 | ||
| 100 | _aNikola-Lisa, W. | ||
| 245 | _aNight is coming / | ||
| 245 | _cby W. Nikola-Lisa ; illustrated by Jamichael Henterly. | ||
| 260 | _aNew York : | ||
| 260 | _bScholastic, | ||
| 260 | _c1991 | ||
| 300 | _aunpaged : | ||
| 300 | _bcolored illustration ; | ||
| 300 | _c27cm. | ||
| 500 | _a560 | ||
| 999 |
_c342915 _d342915 |
||